| 000 | 00000nam##2200000za#4500 |
| 001 | 9.689492 |
| 003 | CaOODSP |
| 005 | 20210624231923 |
| 007 | cr ||||||||||| |
| 008 | 150407|2006||||xxc|||||o f|0| 0 eng|d |
| 020 | |a978-0-662-45456-4 |
| 040 | |aCaOODSP|beng |
| 043 | |an-cn--- |
| 086 | 1 |aM144-142/1-2006E-PDF |
| 110 | 1 |aCanada.|bNatural Resources Canada. |bOffice of Energy Efficiency. |
| 245 | 10|aCase study - Unilever Canada : |h[electronic resource]|bteam approach to energy savings |
| 260 | |aOttawa - Ontario : |bNatural Resources Canada. |cc2008. |
| 300 | |a4p.|bphotographs |
| 500 | |aAt head of title: ecoENERGY, an ecoACTION initiative. |
| 590 | |a13-05-Supp|b2013-02-27 |
| 690 | 07|aEnergy efficiency|2gcpds |
| 775 | 08|tÉtude de cas - Unilever Canada : |w(CaOODSP)9.633896 |
| 856 | 40|ahttp://publications.gc.ca|qPDF|s496 KB|uhttps://publications.gc.ca/collections/collection_2013/rncan-nrcan/M144-142-1-2006-eng.pdf |